000 00978cam a2200277 a 4500
001 000006801
005 20200929154009.0
008 770623s1977 sp b 001 0 spa
015 _aSp***
020 _a8402051197 :
040 _aDO-SdBNP
_bspa
_cDLC
_dDLC
082 _a946.081
_bP185n
100 1 _aPámies, Teresa.
_d1919-
_918895
245 1 4 _aLos niños de la guerra /
_cTeresa Pámies ; edición, Luis Romero.
260 _aBarcelona :
_bBruguera,
_c1977.
300 _a187 p. ;
_c19 cm.
490 1 _aLa Guerra Civil
_aMosaico de la historia
_v4
504 _aIncluye referencias bibliográficas.
651 4 _aEspaña
_xHistoria
_yGUERRA CIVIL, 1936-1939
_xNiños
_918896
651 4 _aEspaña
_xCondiciones Sociales
_y1936-1939
_918897
651 4 _aEspaña
_xPolítica Y Gobierno
_y1931-1939
_918898
700 1 _aRomero, Luis
_eed.
_93529
830 0 _aLa Guerra Civil ,
_pMosaico de la historia ;
_v4
_918899
910 _aCatalogación por copia / LC
049 _aBNGR
999 _c6589
_d6589